000
00302nam a2200121Ia 4500
008
231129s9999||||xx |||||||||||||| ||spa||
040
_b
spa
082
_a
F842 C813t
100
_a
Corneille Pedro
245
0
_a
Teatro tragico : Medea ; El Cid ; Horacio ; Cinna
264
_a
Iberia
942
_2
ddc
_c
BKS
999
_c
25059
_d
25059